|
|
|
|
| LEADER |
00000cam a2200000 7i4500 |
| 001 |
0000089963 |
| 005 |
20230125142107.0 |
| 008 |
220907 |
| 020 |
|
|
|a 9789671155554
|
| 041 |
|
|
|a Malay
|
| 090 |
0 |
0 |
|a 158.1
|b EBI
|
| 100 |
0 |
|
|a Ebit Lew
|
| 245 |
1 |
0 |
|a Saudaraku disebalik ujian ada rahmat
|c Ebit Lew
|
| 260 |
|
|
|a Selangor :
|b Transform Pub. ,
|c 2021
|
| 300 |
|
|
|a 228 p. ;
|c 21 cm.
|
| 541 |
|
|
|c Purchase on 2022
|f 2022/08-10 SPI
|h RM30.00
|
| 650 |
|
0 |
|a Motivation(psychology)
|
| 730 |
0 |
|
|a Judul
|
| 999 |
|
|
|a 0001692202
|b Book
|c Adult Collection
|e Perbadanan Perpustakaan Awam Johor
|
| 999 |
|
|
|a 0001692204
|b Book
|c Adult Collection
|e Perbadanan Perpustakaan Awam Johor
|
| 999 |
|
|
|a 0001692205
|b Book
|c Adult Collection
|e Perbadanan Perpustakaan Awam Johor
|
| 999 |
|
|
|a 0001692206
|b Book
|c Adult Collection
|e Perbadanan Perpustakaan Awam Johor
|
| 999 |
|
|
|a 0001692207
|b Book
|c Adult Collection
|e Cawangan Urban Transformation Centre
|
| 999 |
|
|
|a 0001692208
|b Book
|c Adult Collection
|e Perbadanan Perpustakaan Awam Johor
|
| 999 |
|
|
|a 0001692209
|b Book
|c Adult Collection
|e Cawangan Tangkak
|
| 999 |
|
|
|a 0001692210
|b Book
|c Adult Collection
|e Cawangan Batu Pahat
|
| 999 |
|
|
|a 0001692211
|b Book
|c Adult Collection
|e Cawangan Segamat
|
| 999 |
|
|
|a 0001692212
|b Book
|c Adult Collection
|e Cawangan Bukit Gambir
|
| 999 |
|
|
|a 0001692213
|b Book
|c Adult Collection
|e Cawangan Muar
|
| 999 |
|
|
|a 0001692214
|b Book
|c Adult Collection
|e Perbadanan Perpustakaan Awam Johor
|
| 999 |
|
|
|a 0001692215
|b Book
|c Adult Collection
|e Cawangan Mersing
|
| 999 |
|
|
|a 0001692216
|b Book
|c Adult Collection
|e Cawangan Tmn. Ungku Tun Aminah
|
| 999 |
|
|
|a 0001692217
|b Book
|c Adult Collection
|e Cawangan Pontian
|
| 999 |
|
|
|a 0001692218
|b Book
|c Adult Collection
|e Perbadanan Perpustakaan Awam Johor
|
| 999 |
|
|
|a 0001692219
|b Book
|c Adult Collection
|e Cawangan Bandar Tenggara
|
| 999 |
|
|
|a 0001692220
|b Book
|c Adult Collection
|e Cawangan Taman Sri Lambak
|
| 999 |
|
|
|a 0001692221
|b Book
|c Adult Collection
|e Perbadanan Perpustakaan Awam Johor
|
| 999 |
|
|
|a 0001692233
|b Book
|c Adult Collection
|e Desa - PPAJ
|
| 999 |
|
|
|a 0001692234
|b Book
|c Adult Collection
|e Desa - PPAJ
|
| 999 |
|
|
|a 0001692235
|b Book
|c Adult Collection
|e Desa - PPAJ
|
| 999 |
|
|
|a 0001692236
|b Book
|c Adult Collection
|e Desa - PPAJ
|
| 999 |
|
|
|a 0001692237
|b Book
|c Adult Collection
|e Desa - PPAJ
|
| 999 |
|
|
|a 0001692238
|b Book
|c Adult Collection
|e Desa - PPAJ
|
| 999 |
|
|
|a 0001692239
|b Book
|c Adult Collection
|e Desa - PPAJ
|
| 999 |
|
|
|a 0001692240
|b Book
|c Adult Collection
|e Desa - PPAJ
|
| 999 |
|
|
|a 0001692241
|b Book
|c Adult Collection
|e Desa - PPAJ
|
| 999 |
|
|
|a 0001692242
|b Book
|c Adult Collection
|e Desa - PPAJ
|
| 999 |
|
|
|a 0001692243
|b Book
|c Adult Collection
|e Desa - PPAJ
|
| 999 |
|
|
|a 0001692244
|b Book
|c Adult Collection
|e Desa - PPAJ
|
| 999 |
|
|
|a 0001692245
|b Book
|c Adult Collection
|e Desa - PPAJ
|
| 999 |
|
|
|a 0001692246
|b Book
|c Adult Collection
|e Desa - PPAJ
|
| 999 |
|
|
|a 0001692247
|b Book
|c Adult Collection
|e Desa - PPAJ
|
| 999 |
|
|
|a 0001692248
|b Book
|c Adult Collection
|e Desa - PPAJ
|
| 999 |
|
|
|a 0001692249
|b Book
|c Adult Collection
|e Desa - PPAJ
|
| 999 |
|
|
|a 0001692250
|b Book
|c Adult Collection
|e Desa - PPAJ
|
| 999 |
|
|
|a 0001692251
|b Book
|c Adult Collection
|e Desa - PPAJ
|
| 999 |
|
|
|a 0001692252
|b Book
|c Adult Collection
|e Desa - PPAJ
|
| 999 |
|
|
|a 0001692253
|b Book
|c Adult Collection
|e Desa - PPAJ
|
| 999 |
|
|
|a 0001692254
|b Book
|c Adult Collection
|e Desa - PPAJ
|
| 999 |
|
|
|a 0001692255
|b Book
|c Adult Collection
|e Desa - PPAJ
|
| 999 |
|
|
|a 0001692256
|b Book
|c Adult Collection
|e Desa - PPAJ
|
| 999 |
|
|
|a 0001692257
|b Book
|c Adult Collection
|e Desa - PPAJ
|
| 999 |
|
|
|a 0001692258
|b Book
|c Adult Collection
|e Desa - PPAJ
|
| 999 |
|
|
|a 0001692259
|b Book
|c Adult Collection
|e Desa - PPAJ
|
| 999 |
|
|
|a 0001692260
|b Book
|c Adult Collection
|e Desa - PPAJ
|
| 999 |
|
|
|a 0001692261
|b Book
|c Adult Collection
|e Desa - PPAJ
|
| 999 |
|
|
|a 0001692262
|b Book
|c Adult Collection
|e Desa - PPAJ
|
| 999 |
|
|
|a 0001692263
|b Book
|c Adult Collection
|e Desa - PPAJ
|
| 999 |
|
|
|a 0001692264
|b Book
|c Adult Collection
|e Desa - PPAJ
|
| 999 |
|
|
|a 0001692265
|b Book
|c Adult Collection
|e Desa - PPAJ
|
| 999 |
|
|
|a 0001692266
|b Book
|c Adult Collection
|e Desa - PPAJ
|
| 999 |
|
|
|a 0001692267
|b Book
|c Adult Collection
|e Desa - PPAJ
|
| 999 |
|
|
|a 0001692268
|b Book
|c Adult Collection
|e Desa - PPAJ
|
| 999 |
|
|
|a 0001692269
|b Book
|c Adult Collection
|e Desa - PPAJ
|
| 999 |
|
|
|a 0001692270
|b Book
|c Adult Collection
|e Desa - PPAJ
|
| 999 |
|
|
|a 0001692271
|b Book
|c Adult Collection
|e Desa - PPAJ
|
| 999 |
|
|
|a 0001692272
|b Book
|c Adult Collection
|e Desa - PPAJ
|
| 999 |
|
|
|a 0001692273
|b Book
|c Adult Collection
|e Desa - PPAJ
|